000 00463nam a2200121 4500
008 180217b xxu||||| |||| 00| 0 eng d
100 _926609
_aJambora, Anne A.
245 _aSpinal inflammation- the mysterious scourge:
_bTransverse myelitis can be caused by anything, from autoimmune disease to a viral infection.
_cAnne A. Jambora
260 _aPhilippines
_bPhilippine Daily Inquirer
_cc2016
300 _apage B4.
650 0 _926610
_aDiseases.
942 _2ddc
_cPER
999 _c8719
_d8719